000 00304nam a22001457a 4500
003 SGT
082 _a617.7
_bR15K
100 _aKHURANA,A K
245 _aREVIEW OF OPHTHALMOLOGY
250 _a6TH
260 _aINDIA
_bJAYPEE
_c2015
300 _a623
650 _aOPHTHALMOLOGY
942 _2ddc
_cBK
_05
999 _c15660
_d15660